00522nam a2200169Ia 4500100002100000650001400021942000700035366000700042654001300049245004500062260003400107082001500141300000800156546002300164999001700187952014800204 aLeong/Goh Cheng  aGeography cBK f10 aPhysical aCertificate Physical and Human Geography bOxford university pressc1974 a808.8bLEO a192 aENGLISHcComputers c22618d22618 001040708CRCaCRCEbCRCEd2023-03-17eAllied Publishersg275.40i2710 dt 06/02/2013l0o808.8 LEOp22518r2023-03-17v306.00w0000-00-00yBK